000 00293nam a2200121Ia 4500
008 190902s9999||||xx |||||||||||||| ||und||
020 _a0-9630514-0-7
100 _aAllen L. Wyatt
245 0 _aUsing Assembly Language
260 _aIndia
_bThe McGraw-Hill
_c1992
300 _a1126
942 _cBK
999 _c2734
_d2734